000 01482nam a2200217Ia 4500
003 Ost
005 20260507075552.0
008 260507s9999||||xx |||||||||||||| ||und||
040 _cfsecg
041 _aara
082 _a659.7
100 _aالمنصور، كاسر نصر
_eمؤلف
245 0 _a0سلوك المستهلك :
_bمدخل الاعلان /
_c كاسر نصر المنصور
260 _aعمان:
_bدار الحامد للنشر و التوزيع,
_c2006
300 _a317 صفحة؛
_bإيضاحات ؛
_c24 سم
504 _aمراجع ص.314
520 _aالتسويق و سلوك المستهلك و تجزئة السوق و مفهوم السلوك الإنساني و عملية اتخاذ القرار الشرائي كما تم تناول حاجات المستهلك و دوافعه و الشخصية و سلوك المستهلك و كذا إدراك المستهلك و التعلم و سلوك المستهلك كما تم التطرق الى الثقافة و سلوك المستهلك و كذا الطبقة الاجتماعية و سلوك المستهلك و الأسرة و سلوك المستهلك و الجماعات المرجعية و سلوك المستهلك و كذا الاتصالات و سلوك المستهلك و الابتكارات السلعية و عملية تبني السلعة و الموقف الشرائي و سلوك المستهلك .
653 _aالاعلان
653 _aالتسويق
942 _cكتاب
999 _c44931
_d44931